Cooperatives and Poverty Alleviation (Record no. 6259)

MARC details
005 - DATE AND TIME OF LATEST TRANSACTION
control field 20250629102730.0
100 ## - MAIN ENTRY--PERSONAL NAME
Author name BANTURAKI,A.J
245 ## - TITLE STATEMENT
Title Cooperatives and Poverty Alleviation
260 ## - PUBLICATION, DISTRIBUTION, ETC.
Place of publication, distribution, etc. Dodoma
Name of publisher, distributor, etc. TEMA Publishers Company.
Date of publication, distribution, etc. 2000
300 ## - PHYSICAL DESCRIPTION
Extent xxiii,158p.:ill.,pictures,tables
Dimensions 21cm.
942 ## - ADDED ENTRY ELEMENTS (KOHA)
Source of classification or shelving scheme Dewey Decimal Classification
Koha item type Books
Holdings
Date last seen Total checkouts Full call number Barcode Cost, replacement price Price effective from Koha item type Lost status Source of classification or shelving scheme Damaged status Not for loan Withdrawn status Home library Current library Date acquired Source of acquisition Cost, normal purchase price
06/29/2025   334.6 BAN DOM0003320 30000.00 06/29/2025 Books   Dewey Decimal Classification       CBE Dodoma CBE Dodoma 01/07/2002 Library budget 10000.00
06/29/2025   334.6 BAN DOM0004225 30000.00 06/29/2025 Books   Dewey Decimal Classification       CBE Dodoma CBE Dodoma 01/07/2002 Library budget 10000.00